000 00354nam a2200145Ia 4500
008 150201s2000 xx 000 0 und d
082 _a616.0757
_bG09A
100 _aAITCHISON,F
245 2 _aA GUIDE TO RADIOLOGY PROCECURES
250 _a6TH
260 _bELSEVIER
_aDEHI
_c200
300 _a1-398
650 _aRADIOLOGY & DIAGNOSIS
942 _2ddc
_cBK
_01
999 _c373
_d373